000 00879nam a2200253Ia 4500
003 OSt
005 20221005113508.0
006 a|||||r|||| 00| 0
007 ta
008 221004b |||||||| |||| 00| 0 pan d
020 _a9788176472302 (hbk)
_c80
024 _a104597
037 _b7830/VIII, 31/01/2011, Arsee Publishers
_cTextual
040 _aCRL
_cCRL
_bpan
041 _2pan
_apan
082 _aO152,1G70:g, 153P9
100 _aਭਰਤ, ਰਘਬੀਰ ਸਿੰਘ
245 0 _aਭਗਤ ਨਾਮਦੇਵ ਜੀ
260 _aਲੁਧਿਆਣਾ
_bਲਾਹੌਰ ਬੁੱਕ ਭਾਰਤ
_c2009
300 _a96ਪੰ
_ccm.
650 _aਹਿੰਦੀ ਸਾਹਿਤ
942 _hO152,1G70:g, 153P9
_cTEXL
_2cc
999 _c1028370
_d1028370